| 000 | 00395cam a22001337a 4500 | ||
|---|---|---|---|
| 008 | 180718b1968 xxu||||| |||| 00| 0 eng d | ||
| 082 | _aL2x548 C337 | ||
| 100 | _aCeylon. Taxation Inquiry Commission | ||
| 245 | _aReport of the Taxation Inquiry Commission | ||
| 260 |
_aColombo _bThe author _c1968 |
||
| 300 | _a245+p. | ||
| 500 | _aChairman: A.G. Ranasinha | ||
| 700 | _aRanasinha, A.G., Chairman | ||
| 999 |
_c489369 _d489369 |
||